00393nam a2200145Ia 4500003000400000005001700004008004100021040000900062082001900071100002700090245008600117260002300203300000900226650001200235OSt20200625153236.0190216s9999||||xx |||||||||||||| ||und|| coclc a954.042bBER/F aBernard, Jean Alphonse 0aFrom Raj To The Republic :bA Political History Of India /cJean Alphonse Bernard bManas Foundations, a498p aHistory